[Event "Titled Tuesday intern op 02nd Apr Early"]
[Site "Chess.com INT"]
[Date "2024.04.02"]
[Round "1"]
[White "Ishvi, Aggarwal"]
[Black "Girsh, Daniel"]
[Result "0-1"]
[WhiteElo "1959"]
[BlackElo "2169"]
[PlyCount "58"]
[EventDate "2024.04.02"]
[EventType "swiss (blitz)"]
[EventRounds "11"]
[EventCountry "USA"]
[SourceTitle "CB15_2024"]
[SourceDate "2024.04.10"]
[SourceVersion "1"]
[SourceVersionDate "2024.04.10"]
[SourceQuality "1"]

1. Nf3 c6 2. g3 d5 3. Bg2 Bf5 4. 0-0 h6 5. d3 e6 6. Nbd2 Bh7 7. e4 Nf6 8. c3 Be7 9. h4 dxe4 10. dxe4 Nxe4 11. Ne5 Nxd2 12. Bxd2 Nd7 13. Nc4 Nb6 14. Nxb6 axb6 15. Qb3 Qxd2 16. Qxb6 Qd7 17. Rfd1 Qc8 18. a4 0-0 19. a5 Rd8 20. b4 Ra6 21. Qe3 Qc7 22. Bf1 Raa8 23. Bc4 Bf5 24. Kg2 Bf6 25. f3 Rxd1 26. Rxd1 Rd8 27. Re1 Bg6 28. Kh3 Qd6 29. g4 Bxh4 0-1

[Event "Titled Tuesday intern op 13th Feb Early"]
[Site "Chess.com INT"]
[Date "2024.02.13"]
[Round "1"]
[White "Andreikin, Dmitry"]
[Black "Girsh, Daniel"]
[Result "1-0"]
[WhiteElo "2729"]
[BlackElo "2194"]
[PlyCount "71"]
[EventDate "2024.02.13"]
[EventType "swiss (blitz)"]
[EventRounds "11"]
[EventCountry "USA"]
[SourceTitle "CB08_2024"]
[SourceDate "2024.02.21"]
[SourceVersion "1"]
[SourceVersionDate "2024.02.21"]
[SourceQuality "1"]

1. d4 Nf6 2. c4 e6 3. Nf3 d5 4. Bg5 Bb4+ 5. Nc3 Nbd7 6. e3 h6 7. Bh4 c5 8. cxd5 exd5 9. Bd3 Qa5 10. 0-0 c4 11. Bc2 Bxc3 12. bxc3 0-0 13. Qc1 Re8 14. Nd2 b5 15. a3 Bb7 16. Bf5 Bc6 17. Re1 Ne4 18. Nxe4 dxe4 19. d5 Nc5 20. dxc6 Nd3 21. Qc2 Nxe1 22. Rxe1 Qxa3 23. Bd7 Qc5 24. Ra1 Re5 25. Bg3 Rd5 26. Qxe4 Qa3 27. Rf1 Rd2 28. c7 Rf8 29. c8Q Rxc8 30. Bxc8 Qxc3 31. Qe8+ Kh7 32. Bf5+ g6 33. Qxf7+ Qg7 34. Bxg6+ Kh8 35. Qe8+ Qg8 36. Be5# 1-0

[Event "Titled Tuesday intern op 13th Feb Late"]
[Site "Chess.com INT"]
[Date "2024.02.13"]
[Round "2"]
[White "Putnam, Liam H"]
[Black "Girsh, Daniel"]
[Result "1-0"]
[WhiteElo "2323"]
[BlackElo "2194"]
[PlyCount "61"]
[EventDate "2024.02.13"]
[EventType "swiss (blitz)"]
[EventRounds "11"]
[EventCountry "USA"]
[SourceTitle "CB08_2024"]
[SourceDate "2024.02.21"]
[SourceVersion "1"]
[SourceVersionDate "2024.02.21"]
[SourceQuality "1"]

1. d4 Nf6 2. c4 g6 3. Nc3 Bg7 4. e4 d6 5. f3 0-0 6. Nge2 Nbd7 7. Ng3 h5 8. Bg5 Nh7 9. Be3 a6 10. Qd2 h4 11. Nge2 c5 12. Bh6 cxd4 13. Bxg7 Kxg7 14. Nxd4 Nhf6 15. Be2 Qb6 16. 0-0-0 Ne5 17. Kb1 Be6 18. f4 Nc6 19. Nxe6+ fxe6 20. f5 Ne5 21. Rhf1 Rac8 22. Qg5 exf5 23. exf5 Qc5 24. fxg6 Nxc4 25. Qxh4 Nxb2 26. Rxf6 Qxc3 27. Rf7+ Rxf7 28. Qh7+ Kf6 29. Qxf7+ Kg5 30. h4+ Kxh4 31. Qf4# 1-0

[Event "Titled Tuesday intern op 13th Feb Late"]
[Site "Chess.com INT"]
[Date "2024.02.13"]
[Round "1"]
[White "Tarnowska, Aleksandra"]
[Black "Girsh, Daniel"]
[Result "0-1"]
[WhiteElo "1793"]
[BlackElo "2194"]
[PlyCount "114"]
[EventDate "2024.02.13"]
[EventType "swiss (blitz)"]
[EventRounds "11"]
[EventCountry "USA"]
[SourceTitle "CB08_2024"]
[SourceDate "2024.02.21"]
[SourceVersion "1"]
[SourceVersionDate "2024.02.21"]
[SourceQuality "1"]

1. e4 c5 2. Nf3 Nf6 3. d3 Nc6 4. g3 g6 5. Bg2 Bg7 6. 0-0 0-0 7. Nc3 d5 8. Re1 d4 9. Ne2 Ne8 10. h3 Nc7 11. Nh2 b5 12. f4 Bb7 13. g4 c4 14. Ng3 Rb8 15. f5 Ne5 16. Nf3 Qd6 17. Bf4 Rbd8 18. Rf1 Na6 19. a3 Nc5 20. Nxe5 Bxe5 21. Ne2 Na4 22. Rb1 a5 23. Qe1 Nc5 24. Rd1 Bxf4 25. Nxf4 Qe5 26. Qh4 c3 27. b3 Rd7 28. Rf3 Qg7 29. Qg3 Qe5 30. Qh4 Qg7 31. Qf2 b4 32. a4 Bc6 33. Rf1 Rfd8 34. h4 e5 35. Nh3 h6 36. g5 h5 37. fxg6 fxg6 38. Rf6 Bb7 39. Qg3 Re8 40. Nf2 Ne6 41. Nd1 Nf4 42. Bh3 Ne2+ 43. Kg2 Nxg3 44. Kxg3 Rde7 45. Nf2 Bc8 46. Bg2 Bg4 47. Nxg4 hxg4 48. Kxg4 Re6 49. Kg3 Rxf6 50. Rxf6 Rf8 51. Ra6 Qf7 52. Rf6 Qg7 53. Ra6 Kh7 54. Bh3 Rf7 55. Be6 Rf1 56. Bd5 Qf8 57. Ra7+ Kh8 0-1

[Event "Titled Tuesday intern op 09th Jan Early"]
[Site "Chess.com INT"]
[Date "2024.01.09"]
[Round "6"]
[White "Delorme, Axel"]
[Black "Girsh, Daniel"]
[Result "1-0"]
[WhiteElo "2487"]
[BlackElo "2242"]
[PlyCount "55"]
[EventDate "2024.01.09"]
[EventType "swiss (blitz)"]
[EventRounds "11"]
[EventCountry "USA"]
[SourceTitle "CB03_2024"]
[SourceDate "2024.01.17"]
[SourceVersion "1"]
[SourceVersionDate "2024.01.17"]
[SourceQuality "1"]

1. e4 c6 2. d4 d5 3. Nc3 dxe4 4. Nxe4 Bf5 5. Ng3 Bg6 6. h4 h6 7. Nf3 Nd7 8. h5 Bh7 9. Bd3 Bxd3 10. Qxd3 e6 11. Bd2 Ngf6 12. 0-0-0 Be7 13. Kb1 0-0 14. Ne4 Nxe4 15. Qxe4 Nf6 16. Qe2 Qd5 17. Be3 b5 18. Ne5 a5 19. g4 Ne4 20. Rhg1 a4 21. f3 Nd6 22. g5 hxg5 23. Bxg5 f6 24. Ng6 Ra7 25. Nxf8 Kxf8 26. h6 fxg5 27. h7 Nf7 28. Qh2 1-0

[Event "Titled Tuesday intern op 09th Jan Early"]
[Site "Chess.com INT"]
[Date "2024.01.09"]
[Round "1"]
[White "Girsh, Daniel"]
[Black "Petrukhina, Olga"]
[Result "1-0"]
[WhiteElo "2242"]
[BlackElo "2100"]
[PlyCount "49"]
[EventDate "2024.01.09"]
[EventType "swiss (blitz)"]
[EventRounds "11"]
[EventCountry "USA"]
[SourceTitle "CB03_2024"]
[SourceDate "2024.01.17"]
[SourceVersion "1"]
[SourceVersionDate "2024.01.17"]
[SourceQuality "1"]

1. Nf3 e6 2. d4 d5 3. g3 Nf6 4. Bg2 Be7 5. 0-0 b5 6. b3 Bb7 7. Bb2 0-0 8. Nbd2 c5 9. dxc5 Bxc5 10. c4 bxc4 11. bxc4 Nbd7 12. Rb1 Rb8 13. Qa4 Qe7 14. cxd5 Bxd5 15. e4 Ba8 16. e5 Nd5 17. Ne4 Bb6 18. Nd6 Nc5 19. Qc4 Qd7 20. Ba3 Qa4 21. Qxa4 Nxa4 22. Rbc1 Nac3 23. Rc2 Rfd8 24. Rfc1 Ne4 25. Nxe4 1-0

[Event "Chesterfield SPICE Cup op"]
[Site "Chesterfield"]
[Date "2023.12.17"]
[Round "1"]
[White "Nyzhnyk, Illya"]
[Black "Girsh, Daniel"]
[Result "1-0"]
[WhiteElo "2611"]
[BlackElo "2261"]
[PlyCount "75"]
[EventDate "2023.12.17"]
[EventType "swiss"]
[EventRounds "9"]
[EventCountry "USA"]
[SourceTitle "CB52_2023"]
[SourceDate "2023.12.27"]
[SourceVersion "1"]
[SourceVersionDate "2023.12.27"]
[SourceQuality "1"]

1. d4 Nf6 2. c4 e6 3. Nf3 d5 4. Nc3 Bb4 5. Qa4+ Nc6 6. e3 0-0 7. Qc2 Re8 8. Bd2 h6 9. Rd1 a6 10. a3 Bd6 11. h3 dxc4 12. Bxc4 e5 13. 0-0 e4 14. Ne1 Bf5 15. f4 h5 16. Nf3 exf3 17. Qxf5 fxg2 18. Kxg2 Qd7 19. Qxd7 Nxd7 20. Bc1 Nf6 21. Kf3 b5 22. Ba2 b4 23. Nd5 Nd7 24. e4 Ra7 25. Rg1 bxa3 26. bxa3 Be7 27. Ne3 Kf8 28. Nf5 Bf6 29. e5 Ne7 30. Bb1 g6 31. Nxe7 Bxe7 32. f5 Bh4 33. fxg6 fxg6 34. Bxg6 Rb8 35. Bxh5 Rb3+ 36. Ke4 c5 37. Rdf1+ Ke7 38. Rg8 1-0

[Event "Charlotte CCCSA Fall IM-D"]
[Site "Charlotte"]
[Date "2023.11.17"]
[Round "2"]
[White "Girsh, Daniel"]
[Black "Wan, Joseph C"]
[Result "1/2-1/2"]
[WhiteElo "2221"]
[BlackElo "2242"]
[PlyCount "64"]
[EventDate "2023.11.17"]
[EventType "tourn"]
[EventRounds "9"]
[EventCountry "USA"]
[SourceTitle "CB48_2023"]
[SourceDate "2023.11.29"]
[SourceVersion "1"]
[SourceVersionDate "2023.11.29"]
[SourceQuality "1"]

1. d4 e6 2. c4 b6 3. Nc3 Bb7 4. a3 Nf6 5. Nf3 d5 6. cxd5 Nxd5 7. Qc2 Be7 8. e4 Nxc3 9. bxc3 Nd7 10. Bd3 0-0 11. 0-0 c5 12. Qe2 Qc7 13. Bb2 Rac8 14. Rad1 c4 15. Bb1 Rfe8 16. Bc1 b5 17. Qc2 Nf8 18. Ne5 f6 19. Ng4 Qa5 20. Ne3 Qa6 21. Qb2 Nd7 22. f4 Nb6 23. Rde1 Na4 24. Qc2 Rf8 25. f5 e5 26. Nd5 Bxd5 27. exd5 Bd6 28. Rf3 exd4 29. cxd4 Qb6 30. Qf2 c3 31. Bc2 Rc4 32. Be3 Re8 1/2-1/2

[Event "Titled Tuesday intern op 19th Sep Early"]
[Site "Chess.com INT"]
[Date "2023.09.19"]
[Round "4"]
[White "Girsh, Daniel"]
[Black "Korol, Dimitry"]
[Result "1-0"]
[WhiteElo "2246"]
[BlackElo "2287"]
[PlyCount "113"]
[EventDate "2023.09.19"]
[EventType "swiss (blitz)"]
[EventRounds "11"]
[EventCountry "USA"]
[SourceTitle "EXT 2024"]
[Source "ChessBase"]
[SourceDate "2023.10.10"]
[SourceVersion "1"]
[SourceVersionDate "2023.10.10"]
[SourceQuality "1"]

1. c4 c5 2. Nf3 g6 3. g3 Bg7 4. Bg2 Nc6 5. 0-0 Nh6 6. d3 Nf5 7. Nc3 h5 8. h4 a6 9. Bg5 Rb8 10. Rc1 d6 11. e4 Nfd4 12. Nxd4 cxd4 13. Nd5 0-0 14. Qd2 Bd7 15. Bh6 e6 16. Bxg7 Kxg7 17. Nf4 b5 18. c5 dxc5 19. Rxc5 Qe7 20. Rfc1 Rfc8 21. Rg5 Kf8 22. Rxg6 e5 23. Nd5 fxg6 24. Nxe7 Nxe7 25. Rxc8+ Rxc8 26. Qh6+ Kf7 27. Qh7+ Kf6 28. Qh6 Rc2 29. Qg5+ Ke6 30. Bh3+ Kd6 31. Bxd7 Kxd7 32. Qxe5 Nc6 33. Qg7+ Kd6 34. Qxg6+ Kc7 35. Qxh5 Rxb2 36. Qc5 Rxa2 37. h5 b4 38. Qd5 Ra5 39. Qf7+ Kb6 40. h6 Rb5 41. h7 b3 42. h8Q b2 43. Qa2 b1Q+ 44. Qxb1 Rxb1+ 45. Kg2 a5 46. Qa8 Rb4 47. g4 a4 48. g5 Na5 49. Qb8+ Nb7 50. g6 a3 51. Qa8 Na5 52. Qd8+ Kb5 53. Qd5+ Ka4 54. g7 Nb3 55. g8Q a2 56. Qga8+ Na5 57. Qaxa5# 1-0

[Event "Titled Tuesday intern op 12th Sep Early"]
[Site "Chess.com INT"]
[Date "2023.09.12"]
[Round "4"]
[White "Girsh, Daniel"]
[Black "Nazari, Arad"]
[Result "0-1"]
[WhiteElo "2246"]
[BlackElo "2363"]
[PlyCount "66"]
[EventDate "2023.09.12"]
[EventType "swiss (blitz)"]
[EventRounds "11"]
[EventCountry "USA"]
[SourceTitle "EXT 2024"]
[Source "ChessBase"]
[SourceDate "2023.10.10"]
[SourceVersion "1"]
[SourceVersionDate "2023.10.10"]
[SourceQuality "1"]

1. e4 e6 2. d4 d5 3. Nd2 Nf6 4. e5 Nfd7 5. Bd3 c5 6. c3 Nc6 7. Ngf3 Qb6 8. 0-0 f6 9. exf6 Nxf6 10. Qe2 cxd4 11. cxd4 Bd6 12. Nb3 0-0 13. h3 Bd7 14. Be3 Rae8 15. Ne5 Re7 16. Rac1 Be8 17. f4 Nb4 18. Nc5 Nxa2 19. Ra1 Nb4 20. Bb1 Bb5 21. Ncd3 Ne4 22. Qf3 Nxd3 23. Nxd3 Ref7 24. Ne5 Bxf1 25. Nxf7 Qxb2 26. Qxf1 Qxa1 27. Nxd6 Qc3 28. Nxe4 Qxe3+ 29. Nf2 Rxf4 30. Kh2 Rxf2 31. Qb5 Qf4+ 32. Kg1 Qxd4 33. Qe8+ Rf8+ 0-1

[Event "Titled Tuesday intern op 12th Sep Early"]
[Site "Chess.com INT"]
[Date "2023.09.12"]
[Round "2"]
[White "Girsh, Daniel"]
[Black "Vidruska, Renate"]
[Result "1-0"]
[WhiteElo "2246"]
[BlackElo "1990"]
[PlyCount "77"]
[EventDate "2023.09.12"]
[EventType "swiss (blitz)"]
[EventRounds "11"]
[EventCountry "USA"]
[SourceTitle "EXT 2024"]
[Source "ChessBase"]
[SourceDate "2023.10.10"]
[SourceVersion "1"]
[SourceVersionDate "2023.10.10"]
[SourceQuality "1"]

1. c4 e6 2. d4 d5 3. g3 Nf6 4. Bg2 Be7 5. Nf3 0-0 6. 0-0 dxc4 7. Qc2 b6 8. Nbd2 Bb7 9. Nxc4 c5 10. dxc5 Bxc5 11. Bg5 Nbd7 12. Rad1 Qc8 13. e3 h6 14. Bxf6 Nxf6 15. a3 Ba6 16. Nfe5 Nd5 17. Rxd5 exd5 18. Bxd5 Bb7 19. e4 b5 20. Na5 Bxd5 21. exd5 Bd6 22. Nac6 Qc7 23. Nf3 a5 24. Nfd4 b4 25. a4 Rac8 26. Re1 Rfe8 27. Rxe8+ Rxe8 28. Nb5 Qd7 29. Kg2 Bb8 30. Qc4 g6 31. Nxa5 Re5 32. Nc6 Re8 33. a5 Be5 34. a6 Bxb2 35. a7 Ba3 36. Nb8 Qb7 37. Qc6 Qxc6 38. dxc6 b3 39. Nxa3 1-0

[Event "Titled Tuesday intern op 12th Sep Early"]
[Site "Chess.com INT"]
[Date "2023.09.12"]
[Round "3"]
[White "Sailer, Mike L"]
[Black "Girsh, Daniel"]
[Result "0-1"]
[WhiteElo "2095"]
[BlackElo "2246"]
[PlyCount "80"]
[EventDate "2023.09.12"]
[EventType "swiss (blitz)"]
[EventRounds "11"]
[EventCountry "USA"]
[SourceTitle "EXT 2024"]
[Source "ChessBase"]
[SourceDate "2023.10.10"]
[SourceVersion "1"]
[SourceVersionDate "2023.10.10"]
[SourceQuality "1"]

1. d4 d5 2. Nc3 Bf5 3. Bf4 c6 4. f3 e6 5. g4 Bg6 6. h4 h5 7. g5 Bd6 8. e3 Bxf4 9. exf4 Ne7 10. Bd3 Bxd3 11. Qxd3 Nf5 12. 0-0-0 Nd7 13. g6 fxg6 14. Nh3 Qc7 15. Rde1 Nf8 16. Re5 0-0-0 17. Ng5 Nd6 18. Nxe6 Nxe6 19. Rxe6 Nc4 20. Ne2 Qb6 21. b3 Nd6 22. Qxg6 Nb5 23. Qxg7 Qa5 24. a4 Nc7 25. Re7 Rhe8 26. Rg1 Rxe7 27. Qxe7 Re8 28. Qf7 Rxe2 29. Rg8+ Ne8 30. Rxe8+ Rxe8 31. Qxe8+ Kc7 32. Qe5+ Kb6 33. f5 Qc3 34. f6 Qxf3 35. Qe6 Qf4+ 36. Kb1 Qxd4 37. f7 Qd1+ 38. Kb2 Qd4+ 39. Ka2 Qf2 40. Qg6 d4 0-1

[Event "Titled Tuesday intern op 29th Aug Early"]
[Site "Chess.com INT"]
[Date "2023.08.29"]
[Round "4"]
[White "Girsh, Daniel"]
[Black "Djordjevic, Vuk D"]
[Result "0-1"]
[WhiteElo "2200"]
[BlackElo "2373"]
[PlyCount "46"]
[EventDate "2023.08.29"]
[EventType "swiss (blitz)"]
[EventRounds "11"]
[EventCountry "USA"]
[SourceTitle "EXT 2024"]
[Source "ChessBase"]
[SourceDate "2023.10.10"]
[SourceVersion "1"]
[SourceVersionDate "2023.10.10"]
[SourceQuality "1"]

1. d4 Nf6 2. c4 e6 3. Nf3 b6 4. e3 Bb7 5. Bd3 d5 6. 0-0 Bd6 7. Nc3 0-0 8. Qe2 dxc4 9. Bxc4 Nbd7 10. b3 a6 11. a4 Qe7 12. Bb2 e5 13. dxe5 Nxe5 14. Nxe5 Qxe5 15. f4 Qe7 16. Rae1 Rfe8 17. Bd3 Ba3 18. Ba1 Bc5 19. Kh1 Bxe3 20. Qc2 Qc5 21. Re2 Qh5 22. Nd1 Ng4 23. Bxh7+ Kh8 0-1

[Event "Titled Tuesday intern op 22nd Aug Late"]
[Site "Chess.com INT"]
[Date "2023.08.22"]
[Round "2"]
[White "Ai, Evan Zihao"]
[Black "Girsh, Daniel"]
[Result "1-0"]
[WhiteElo "2199"]
[BlackElo "2200"]
[PlyCount "125"]
[EventDate "2023.08.22"]
[EventType "swiss (blitz)"]
[EventRounds "11"]
[EventCountry "USA"]
[SourceTitle "EXT 2024"]
[Source "ChessBase"]
[SourceDate "2023.10.10"]
[SourceVersion "1"]
[SourceVersionDate "2023.10.10"]
[SourceQuality "1"]

1. e4 e6 2. d4 d5 3. Nd2 Nf6 4. e5 Nfd7 5. Bd3 c5 6. c3 Nc6 7. Ne2 cxd4 8. cxd4 f6 9. exf6 Nxf6 10. 0-0 Bd6 11. Nf3 0-0 12. Bf4 Bxf4 13. Nxf4 Ne4 14. Qc1 Qf6 15. Nh5 Qg6 16. Ng3 Bd7 17. Bxe4 dxe4 18. Ne5 Nxe5 19. dxe5 Bc6 20. Qe3 h5 21. Rfd1 h4 22. Ne2 Rf3 23. Nf4 Qg5 24. Nxe6 Qg4 25. Qg5 Qxg5 26. Nxg5 Rf5 27. Ne6 Rxe5 28. Nd4 Bd5 29. a3 Rf8 30. Rac1 e3 31. fxe3 Rxe3 32. Re1 Rxe1+ 33. Rxe1 h3 34. gxh3 Rf4 35. Rd1 Rh4 36. Rd3 Be4 37. Re3 Bd5 38. Nf5 Rh5 39. Ne7+ Kf7 40. Kf2 Be6 41. Ng6 Rf5+ 42. Ke1 Bd5 43. Ne5+ Kf6 44. Ng4+ Kg5 45. Kd2 Kh4 46. Rg3 Rf4 47. Ne3 Be6 48. Ng2+ Kh5 49. Nxf4+ Kh6 50. Nxe6 g6 51. Rg5 Kh7 52. h4 Kh6 53. Nf4 Kh7 54. Rxg6 b6 55. h5 a5 56. Ke3 b5 57. Ke4 b4 58. Ke5 a4 59. Kf5 bxa3 60. bxa3 Kh8 61. Kf6 Kh7 62. Kf7 Kh8 63. Rh6# 1-0

[Event "Titled Tuesday intern op 22nd Aug Late"]
[Site "Chess.com INT"]
[Date "2023.08.22"]
[Round "1"]
[White "Girsh, Daniel"]
[Black "Dominguez Perez, Leinier"]
[Result "0-1"]
[WhiteElo "2200"]
[BlackElo "2739"]
[PlyCount "150"]
[EventDate "2023.08.22"]
[EventType "swiss (blitz)"]
[EventRounds "11"]
[EventCountry "USA"]
[SourceTitle "EXT 2024"]
[Source "ChessBase"]
[SourceDate "2023.10.10"]
[SourceVersion "1"]
[SourceVersionDate "2023.10.10"]
[SourceQuality "1"]

1. d4 d5 2. c4 dxc4 3. Nf3 c6 4. a4 Bg4 5. e3 Nd7 6. Bxc4 e6 7. 0-0 Ngf6 8. b3 Be7 9. Nbd2 0-0 10. Bb2 Qa5 11. h3 Bh5 12. Be2 Rac8 13. Nc4 Qc7 14. Rc1 Rfd8 15. Nce5 Nxe5 16. Nxe5 Bxe2 17. Qxe2 Nd7 18. Nc4 Nb6 19. Ne5 Bf6 20. Nd3 Nd7 21. Rfd1 Qb6 22. Nc5 Nxc5 23. dxc5 Qxb3 24. Bxf6 gxf6 25. Qg4+ Kf8 26. Rxd8+ Rxd8 27. Qf4 Qb2 28. Rc4 Rd1+ 29. Kh2 Qe5 30. Rb4 Qxf4+ 31. exf4 Rd7 32. Kg3 f5 33. Kf3 Ke7 34. Ke3 Kd8 35. g4 Kc7 36. a5 Rd5 37. Rc4 b6 38. axb6+ axb6 39. cxb6+ Kxb6 40. Rb4+ Rb5 41. Rd4 Rb3+ 42. Ke2 Kc7 43. Ra4 c5 44. Ra7+ Rb7 45. Ra8 c4 46. Rh8 Rb2+ 47. Ke3 Rb3+ 48. Kd4 Rxh3 49. gxf5 c3 50. fxe6 fxe6 51. Ra8 Rf3 52. Ra2 h5 53. Ke4 Rh3 54. f3 Rh1 55. Rc2 Re1+ 56. Kd4 Kd6 57. Rxc3 Ke7 58. Rc7+ Kf6 59. Rh7 Kg6 60. Rh8 Kf5 61. Rxh5+ Kxf4 62. Rh4+ Kxf3 63. Rh6 e5+ 64. Kd3 Rd1+ 65. Kc2 Rd8 66. Rf6+ Ke3 67. Kc1 e4 68. Kc2 Ke2 69. Kc1 Rc8+ 70. Kb2 e3 71. Kb3 Kd2 72. Rd6+ Ke1 73. Re6 e2 74. Kb2 Rf8 75. Re5 Kf2 0-1

[Event "Titled Tuesday intern op 22nd Aug Early"]
[Site "Chess.com INT"]
[Date "2023.08.22"]
[Round "5"]
[White "Karthik, Rajaa"]
[Black "Girsh, Daniel"]
[Result "1-0"]
[WhiteElo "2310"]
[BlackElo "2200"]
[PlyCount "67"]
[EventDate "2023.08.22"]
[EventType "swiss (blitz)"]
[EventRounds "11"]
[EventCountry "USA"]
[SourceTitle "EXT 2024"]
[Source "ChessBase"]
[SourceDate "2023.10.10"]
[SourceVersion "1"]
[SourceVersionDate "2023.10.10"]
[SourceQuality "1"]

1. Nf3 Nf6 2. c4 e6 3. g3 d5 4. Bg2 Be7 5. 0-0 0-0 6. d4 dxc4 7. Qc2 a6 8. a4 Bd7 9. Rd1 Bc6 10. Nc3 a5 11. e4 Na6 12. Ne5 Nb4 13. Qe2 Nd3 14. Nxd3 cxd3 15. Qxd3 e5 16. dxe5 Qxd3 17. Rxd3 Ng4 18. Nd5 Bc5 19. Be3 Bxe3 20. Nxe3 Nxe5 21. Rc3 Rfd8 22. Nd5 Rd7 23. f4 Ng6 24. h4 Bxd5 25. exd5 Rad8 26. Rac1 h5 27. Rxc7 Ne7 28. Rxd7 Rxd7 29. Rc5 Nf5 30. Bh3 g6 31. Rxa5 Rc7 32. Bxf5 gxf5 33. d6 Rc6 34. Rd5 1-0

[Event "Washington op 10th"]
[Site "Rockville"]
[Date "2023.08.15"]
[Round "8"]
[White "Tahmassebi, Bijan"]
[Black "Girsh, Daniel"]
[Result "1/2-1/2"]
[WhiteElo "2172"]
[BlackElo "2200"]
[PlyCount "32"]
[EventDate "2023.08.12"]
[EventType "swiss"]
[EventRounds "9"]
[EventCountry "USA"]
[SourceTitle "CBM 215 Extra"]
[Source "ChessBase"]
[SourceDate "2023.09.30"]
[SourceVersion "1"]
[SourceVersionDate "2023.09.30"]
[SourceQuality "1"]

1. e4 Nc6 2. Nc3 d6 3. d4 Nf6 4. h3 g6 5. Be3 Bg7 6. Qd2 e5 7. d5 Nd4 8. Nf3 Nxf3+ 9. gxf3 a6 10. Ne2 c6 11. c4 cxd5 12. cxd5 Nh5 13. Ng3 Nf4 14. Ne2 Nh5 15. Ng3 Nf4 16. Ne2 Nh5 1/2-1/2

[Event "Washington op 10th"]
[Site "Rockville"]
[Date "2023.08.13"]
[Round "4"]
[White "Tanenbaum, Zachary Chen"]
[Black "Girsh, Daniel"]
[Result "1/2-1/2"]
[WhiteElo "2279"]
[BlackElo "2200"]
[PlyCount "63"]
[EventDate "2023.08.12"]
[EventType "swiss"]
[EventRounds "9"]
[EventCountry "USA"]
[SourceTitle "CBM 215 Extra"]
[Source "ChessBase"]
[SourceDate "2023.09.30"]
[SourceVersion "1"]
[SourceVersionDate "2023.09.30"]
[SourceQuality "1"]

1. e4 c5 2. Nf3 d6 3. d4 cxd4 4. Nxd4 Nf6 5. Nc3 a6 6. Be3 e5 7. Nb3 Be7 8. h3 h6 9. g4 b5 10. a4 bxa4 11. Rxa4 Bd7 12. Ra1 Nc6 13. Nd5 0-0 14. Nxf6+ Bxf6 15. Qxd6 Qc8 16. Nc5 Rd8 17. Qd1 Nd4 18. Bxd4 exd4 19. Nxd7 Rxd7 20. Bd3 Qb8 21. Qf3 Be5 22. 0-0 Rd6 23. Bc4 Qc7 24. Bd5 Rb8 25. Qd3 Rbb6 26. Qc4 Qe7 27. f4 Qh4 28. Kg2 h5 29. fxe5 hxg4 30. exd6 Qxh3+ 31. Kf2 Qe3+ 32. Kg2 1/2-1/2

[Event "Titled Tuesday intern op 08th Aug Early"]
[Site "Chess.com INT"]
[Date "2023.08.08"]
[Round "6"]
[White "Girsh, Daniel"]
[Black "Suyarov, Mukhammadzokhid"]
[Result "1/2-1/2"]
[WhiteElo "2200"]
[BlackElo "2337"]
[PlyCount "153"]
[EventDate "2023.08.08"]
[EventType "swiss (blitz)"]
[EventRounds "11"]
[EventCountry "USA"]
[SourceTitle "EXT 2024"]
[Source "ChessBase"]
[SourceDate "2023.10.10"]
[SourceVersion "1"]
[SourceVersionDate "2023.10.10"]
[SourceQuality "1"]

1. d4 e6 2. c4 b6 3. Nc3 Bb7 4. a3 f5 5. d5 Nf6 6. dxe6 dxe6 7. Qxd8+ Kxd8 8. Nf3 Nbd7 9. Bf4 Bd6 10. Bxd6 cxd6 11. 0-0-0 Ke7 12. e3 Ne5 13. Nxe5 dxe5 14. Be2 g5 15. f3 h5 16. Rd2 g4 17. Rhd1 gxf3 18. Bxf3 e4 19. Be2 Rad8 20. Nb5 Rxd2 21. Rxd2 a6 22. Nd4 Rg8 23. g3 h4 24. gxh4 Rh8 25. h5 Nxh5 26. c5 bxc5 27. Nb3 Nf6 28. Nxc5 Bd5 29. Nxa6 Rxh2 30. b4 Rxe2 31. Rxe2 Bc4 32. Rb2 Bxa6 33. b5 Bc8 34. a4 Nd5 35. Kd2 e5 36. a5 f4 37. b6 fxe3+ 38. Ke1 Bb7 39. Rb5 Kd6 40. a6 Bxa6 41. b7 Bxb7 42. Rxb7 Nf4 43. Rb3 Ke6 44. Kf1 e2+ 45. Ke1 Kf5 46. Rg3 Kf6 47. Ra3 Ke6 48. Ra5 Kf5 49. Ra3 Kg4 50. Kf2 Kf5 51. Rb3 Ke6 52. Rb6+ Kd5 53. Rb5+ Kc4 54. Ra5 Kd4 55. Ra4+ Kd3 56. Ra3+ Kd2 57. Ra2+ Kc3 58. Ra3+ Kb4 59. Re3 e1Q+ 60. Rxe1 Nd3+ 61. Ke3 Nxe1 62. Kxe4 Nf3 63. Kxf3 Kc5 64. Ke4 Kd6 65. Ke3 Kd5 66. Kd3 e4+ 67. Ke3 Ke5 68. Ke2 Kd4 69. Kd2 e3+ 70. Ke2 Ke4 71. Ke1 Kd3 72. Kd1 Ke4 73. Ke2 Kf4 74. Ke1 Kf3 75. Kf1 e2+ 76. Ke1 Kg2 77. Kxe2 1/2-1/2

[Event "Titled Tuesday intern op 13th Jun Late"]
[Site "Chess.com INT"]
[Date "2023.06.13"]
[Round "6"]
[White "Girsh, Daniel"]
[Black "Sala, Giulia"]
[Result "1-0"]
[WhiteElo "2123"]
[BlackElo "2013"]
[PlyCount "93"]
[EventDate "2023.06.13"]
[EventType "swiss (blitz)"]
[EventRounds "11"]
[EventCountry "USA"]
[SourceTitle "EXT 2024"]
[Source "ChessBase"]
[SourceDate "2023.10.10"]
[SourceVersion "1"]
[SourceVersionDate "2023.10.10"]
[SourceQuality "1"]

1. e4 e6 2. d4 d5 3. Nc3 Nf6 4. e5 Nfd7 5. f4 c5 6. Nf3 Nc6 7. Be3 Qb6 8. Qd2 Qxb2 9. Rb1 Qa3 10. Bb5 Qa5 11. 0-0 cxd4 12. Nxd4 Bb4 13. Rb3 Nxd4 14. Bxd4 0-0 15. a3 Qxb5 16. Rxb4 Qc6 17. Rf3 b6 18. Rg3 g6 19. Rh3 Nc5 20. f5 exf5 21. Qh6 Rd8 22. Qxh7+ Kf8 23. Qh8+ Ke7 24. Qf6+ Qxf6 25. exf6+ Kd6 26. Nb5+ Kc6 27. Be5 Ba6 28. Nd4+ Kb7 29. Rh7 Rd7 30. Rb1 Re8 31. Nf3 Be2 32. Bd4 Ne6 33. Ne5 Rc7 34. c3 Ng5 35. Rg7 Rh8 36. Re1 Bb5 37. Nf3 Nxf3+ 38. gxf3 Re8 39. Rxe8 Bxe8 40. Kf2 Kc6 41. Rg8 Bd7 42. Be5 Rb7 43. Rxg6 Be6 44. Rg7 Kb5 45. h4 Ka4 46. h5 Rb8 47. Bxb8 1-0